000 00331nam a2200133Ia 4500
005 20251222155143.0
008 251222s9999||||xx |||||||||||||| ||spa||
082 _aEDUM.92
100 _aLOUIS COHEN/LAWRENCE M.
245 0 _aMétodos de investigación educativa
250 _a2da. ed.
264 _bLa Muralla. S.A
942 _cLIB
999 _c39247
_d39247